| 000 | 00664nam a2200181Ia 4500 | ||
|---|---|---|---|
| 008 | 100921s9999 xx 000 0 und d | ||
| 082 |
_b14312 _a294.565 थ 37 |
||
| 100 | _aसाठे भा.मा. | ||
| 245 | _aकीर्तन कुमुदिनी-2. | ||
| 260 |
_bपरचुरे प्रकाशन,मुंबई. _c1937 |
||
| 300 |
_a182 _b--- |
||
| 365 | _b1.25 | ||
| 520 | _aधर्म-कीर्तन,संस्था. | ||
| 630 | _aकीर्तन कुमुदिनी-2. | ||
| 650 | _aधर्म-कीर्तन,संस्था. | ||
| 730 | _aकीर्तन कुमुदिनी-2. | ||
| 942 | _cBOOK | ||
| 999 |
_c763425 _d763422 |
||